000 00336nam a2200133 i 4500
001 bg
100 1 _aSKRZYPEK, Jacek
245 0 _aOdkształcenia plastyczne i analiza form utraty nośności /
_cJ. Srzypek.
260 _aKraków,
_c1979.
040 _cBPK
041 _apol
942 _cKS
008 s pl f |000 0 pol
999 _c18809
_d18809
856 _uhttp://koha.tu.koszalin.pl/cgi-bin/koha/opac-detail.pl?biblionumber=18809
_yKatalog online BPK